000 00758nam a22002297a 4500
005 20251108173528.0
008 250721s2001 xx 000 0 ara d
082 1 4 _aط/219/إبر
100 1 _aإبراهيم، عبد القادر الشيخ
245 1 0 _aفي فضل تلاوة القرآن الكريم /
250 _aط/2
264 1 _aحلب :
_bدار القلم العربي،
_c2001.
300 _a16ص.
490 0 _aفجر الهدى والإيمان : من هدي الرسول ص
_v9
650 1 7 _aالقرآن الكريم
650 1 7 _aالسيرةالنبوية
650 1 7 _aتلاوة القرآن
650 1 7 _aأدب الأطفال
653 _aناشئون صغار (10-14 سنة )
942 _2ddc
_cBK
999 _c106078
_d106078